| 000 | 01015nam a22003497a 4500 | ||
|---|---|---|---|
| 005 | 20250926094222.0 | ||
| 008 | 160912b2011 xxu||||| |||| 00| 0 spa d | ||
| 020 | _a9788492735969 | ||
| 041 | _aESP | ||
| 082 | _a613.62 A992m | ||
| 100 |
_aAzcuénaga Linaza, Luis _920107 |
||
| 245 | _aManual práctico para la prevención de riesgos emergentes | ||
| 260 | _aEspaña | ||
| 260 | _bFundación Confemetal | ||
| 260 | _c2011 | ||
| 300 | _a280 páginas | ||
| 490 | _aDirección de Educación Comunitaria y Asistencia Técnica | ||
| 490 | _aTemática General | ||
| 650 | _aSALUD OCUPACIONAL | ||
| 650 | _aRIESGOS EMERGENTES | ||
| 650 | _aPREVENCIÓN DE RIESGOS | ||
| 650 | _aMÉTODO DELPHI | ||
| 650 | _aRIESGOS BIOLÓGICOS | ||
| 650 | _aRIESGOS PSICOSOCIALES | ||
| 650 | _aTRASTORNOS PSICOLÓGICOS | ||
| 650 | _aESTRÉS LABORAL | ||
| 650 | _aACOSO LABORAL | ||
| 650 | _aSÍNDROME DEL TRABAJADOR QUEMADO | ||
| 650 | _aSÍNDROME DE BURNOUT | ||
| 650 | _aCARGA MENTAL | ||
| 942 |
_cBK _2ddc |
||
| 999 |
_c8410 _d8410 |
||